Sports Quiz

Random Sports or NBA Quiz

NBA: One-Teamers (Clickable) Quiz Stats

Quiz not verified by Sporcle

Challenge
Share
Tweet
Embed
Score 0/20 Timer 05:00
0 Plays Today
% Correct
Larry Bird
93.3%
Magic Johnson
92.3%
Reggie Miller
91.6%
Bill Russell
91.3%
David Robinson
90.6%
John Stockton
90.6%
Isiah Thomas
89.9%
Jerry West
87.7%
Elgin Baylor
74.5%
Joe Dumars
74%
% Correct
Bob Pettit
65.9%
Willis Reed
65.4%
Sam Jones
62.7%
Wes Unseld
56%
Mark Eaton
50.2%
Jeff Foster
50%
Hal Greer
50%
Dolph Schayes
45.9%
Calvin Murphy
42.8%
Nate McMillan
37.3%

You're not logged in!

Compare scores with friends on all Sporcle quizzes.
Sign Up with Email
OR
Log In

You Might Also Like...

Show Comments

Extras

Top Quizzes Today


Score Distribution

Your Account Isn't Verified!

In order to create a playlist on Sporcle, you need to verify the email address you used during registration. Go to your Sporcle Settings to finish the process.

Report this User

Report this user for behavior that violates our Community Guidelines.

Details: